Les Aliments - Statistiques

Statistiques générales
  • Ce quiz a été pris 1 011 fois
  • Le résultat moyen est 34 sur 42
Statistiques - réponses
Par images Réponse % Correct
Chocolat
100%
Pomme
96%
Tomate
96%
Pizza
95%
Broccoli
94%
Glace
94%
Sushi
94%
Kiwi
93%
Macaron
93%
Poire
93%
Banane
92%
Carotte
92%
Pastèque
92%
Croissant
91%
Fromage
90%
Saucisse
89%
Baguette
88%
Citron
88%
Oeuf
88%
Orange
88%
Fraise
87%
Riz
87%
Spaghetti
86%
Hamburger
85%
Framboise
84%
Confiture
83%
Abricot
82%
Viande
81%
Petit-pois
80%
Peche
78%
Myrtille
77%
Crepe
76%
Gateau
73%
Smarties
72%
Jambon
64%
Mure
62%
Melon
60%
Choucroutte
57%
Yaourt
57%
Potiron
51%
Donut
40%
épinards
28%
Aucun quiz correspondant
Distribution des résultats
% des personnes avec chaque résultat
Percentile par nombre de réponses
Votre historique - résultats
Vous n’avez pas pris ce quiz